| 000 | 00517nam a22001937a 4500 | ||
|---|---|---|---|
| 005 | 20240704110034.0 | ||
| 008 | 240704b |||||||| |||| 00| 0 eng d | ||
| 020 | _a9780702029929 | ||
| 082 |
_a610 _bCLA-C |
||
| 100 | _aClark's Kumar | ||
| 245 |
_aClinical Medicine / _cClark's Kumar, Michael Clark |
||
| 250 | _a7th ed. | ||
| 260 |
_aSpain; _bSaunders ; _c2009 |
||
| 300 |
_axii,1343p. _bill; _c27.5cm |
||
| 500 | _ainclude index . | ||
| 650 | _aMedical / Medicine | ||
| 700 | _aMichael Clark | ||
| 999 |
_c36034 _d36034 |
||